Firma de contratos de préstamo
Publicado:
San Jorge, núm. 92 (4rt trimestre 1973), pàg 89 :
MARC
| LEADER | 00000nam a2200000Ia 4500 | ||
|---|---|---|---|
| 001 | |||
| 008 | 160829s9999 xx 000 0 cat d | ||
| 245 | |a Firma de contratos de préstamo | ||
| 260 | |a San Jorge, núm. 92 (4rt trimestre 1973), pàg 89 | ||
| 610 | 2 | 0 | |a Banco de Crédito Local de España |9 53585 |
| 610 | 1 | 0 | |a Barcelona (Catalunya : Província). |b Diputació |x Assignacions pressupostàries i despeses |9 53789 |
| 650 | |a Préstecs bancaris |9 31120 | ||
| 901 | |a Arxiu | ||
| 942 | |n 1 | ||
| 952 | |0 0 |1 0 |4 0 |7 1 |9 51447 |a Arxiu |b Arxiu |d 2016-12-01 |l 0 |r 2016-12-01 00:00:00 |w 2016-12-01 |y ARXIU | ||
| 999 | |c 55291 |d 55291 | ||